| 000 | 01059nab a22002057a 4500 | ||
|---|---|---|---|
| 999 |
_c5870 _d5870 |
||
| 003 | OSt | ||
| 005 | 20260109004737.0 | ||
| 008 | 190514b xxu||||| |||| 00| 0 spa d | ||
| 040 | _cPJ | ||
| 100 |
_96753 _aRomero, María Cecilia |
||
| 245 | 1 | 3 |
_aLos alcances de juzgar con perspectiva de género / _cMaría Cecilia Romero. |
| 300 | _ap. 130-135 | ||
| 505 | _aSumario: I. Breve síntesis.— II. Situación fáctica y jurídica.— III. La perspectiva de género como punto de partida.— IV. Reflexiones finales. | ||
| 505 | _tFallo comentado: CContenciosoadministrativa 2a Nom., Córdoba, 16/12/2024. - F. M. C. c. Caja de Jubilaciones, Pensiones y Retiros de Córdoba s/ plena jurisdicción. | ||
| 505 | _tSi te interesa el texto, comunicate a koha@justierradelfuego.gov.ar | ||
| 650 | 0 |
_94044 _aPERSPECTIVA DE GÉNERO |
|
| 650 | 0 |
_91057 _aJURISPRUDENCIA APLICABLE |
|
| 773 | 0 |
_02844 _93222 _dBuenos Aires : AbeledoPerrot, 1989- _tDerecho de familia. Revista Interdisciplinaria de doctrina y jurisprudencia. Agosto 2025-IV _z18511201 |
|
| 942 |
_2udc _cANA |
||